LEADER 00997nam0 2200289 450 001 000023364 005 20090220132006.0 010 $a88-453-0907-X 100 $a20090220d1999----km-y0itay50------ba 101 0 $aita 102 $aIT 105 $ay-------001yy 200 1 $a<>sport tra agonismo, business e spettacolo$fGianfranco Piantoni 210 $aMilano$cEtas$d1999 215 $a257 p.$d22 cm 225 2 $aEconomia della cultura e dell'informazione 410 0$12001$aEconomia della cultura e dell'informazione 500 10$a<>sport tra agonismo, business e spettacolo$946219 610 1 $aSport$aAspetti economici e sociali 610 1 $aSport$aAspetti economici 676 $a796$v19$9Sport e giochi atletici e all'aperto 700 1$aPiantoni,$bGianfranco$089040 801 0$aIT$bUNIPARTHENOPE$c20090220$gRICA$2UNIMARC 912 $a000023364 951 $a635/12$b9146$cNAVA2$d2009 996 $aSport tra agonismo, business e spettacolo$946219 997 $aUNIPARTHENOPE LEADER 01751nam0 2200373 i 450 001 RMG0033836 005 20231121125652.0 010 $a8834805275 020 $aIT$b2001-10010 100 $a20051221d2000 ||||0itac50 ba 101 | $aita 102 $ait 181 1$6z01$ai $bxxxe 182 1$6z01$an 200 1 $aDiritto al lavoro dei disabili$ecommentario alla Legge n. 68 del 1999$fa cura di Maurizio Cinelli e Pasquale Sandulli 210 $aTorino$cG. Giappichelli$d\2000! 215 $aVII, 587 p.$d24 cm 300 $aSegue: Appendice di documentazione. 314 $acuratore$9CFIV054796 314 $acuratore$9LO1V034269 606 $aAssunzione obbligatoria$xLegislazione$2FIR$3RMLC378151$9I 676 $a344.450159$9$v21 702 1$aCinelli$b, Maurizio$3CFIV054796 702 1$aSandulli$b, Pasquale$3LO1V034269 801 3$aIT$bIT-01$c20051221 850 $aIT-RM1164 $aIT-FR0098 $aIT-RM0574 899 $aBiblioteca Luca Pacioli Dipartimento Ragioneria$bRM1164 899 $aBiblioteca Area Giuridico Economica$bFR0098 899 $aBiblioteca del Consiglio nazionale dell'economia e del lavoro$bRM0574 912 $aRMG0033836 950 0$aBiblioteca Area Giuridico Economica$d 53IMP 26 17$e 53VM 0000120165 VM barcode:ECO014524. - Inventario:6886. - Fondo:Sala consultazioneVM$fA $h20020704$i20121204$d 53DSG 16 28$e 53VM 0000120155 VM barcode:GIU0004526. - Inventario:13283. - Fondo:Sala consultazioneVM$fA $h20060830$i20121204 977 $a 40$a 53$a 61 996 $aDiritto al lavoro dei disabili$9679312 997 $aUNICAS